00478nam a2200193 a 4500001001300000003000900013005001700022008004100039020001000080082001300090100001500103245002600118260003800144300000900182500003500191505001800226650002500244700001500269nice12345678IN_TiNIC20260116011403.0050524s1961 lona grp 000 0 eng  ac10000a291bJAM aJames, E O aComparative Religion. aLondonbMethuen and Companyc1961 a334p aincludes index and biblioraphy2 aBiblio, Index aComparative Religion1 aJames, E O